000 00650nam a2200193Ia 4500
003 GCL
008 140319s9999 xx 000 0 ara d
040 _aGCL /
_cGCL
082 0 4 _a658.3
_bس ا
100 1 _aسعيد يس عامر
245 1 0 _aالادارة فى ظلال التغيير :
_bالمؤتمر السنوى السادس /
_cسعيد يس عامر
260 _aالقاهرة :
_bمركز وايد سيرفيس للاستشارات والتطوير
300 _a526 ص ؛
_c24 سم
490 _a
650 0 4 _aادارة الاعمال
650 0 4 _aالادارة
650 0 4 _aالادارة - تطوير
942 _2ddc
_cBK
999 _c47996
_d47996